000
00206nam a2200097Ia 4500
008
220204s9999 xx 000 0 und d
082
_a
82-3
_b
MCB
100
_a
McBain, Ed
245
0
_a
Like love
942
_c
BK
999
_c
33861
_d
33861